000 01146nam a2200301 a 4500
001 ebr10459667
003 CaPaEBR
006 m u
007 cr cn|||||||||
008 110425s2008 enkad sb 000 0 eng d
020 _z9781905539055
020 _z9781907830051 (e-book)
040 _aCaPaEBR
_cCaPaEBR
035 _a(OCoLC)432996286
043 _ae-uk---
050 1 4 _aHV1481.E54
_bT39 2008eb
100 1 _aTaylor, Amanda.
245 1 0 _aNutritional care of older people
_h[electronic resource] :
_ba workbook /
_cAmanda Taylor.
260 _aKeswick [England] :
_bM&K Update,
_c2008.
300 _ax, 53 p. :
_bill.
504 _aIncludes bibliographical references.
533 _aElectronic reproduction.
_bPalo Alto, Calif. :
_cebrary,
_d2011.
_nAvailable via World Wide Web.
_nAccess may be limited to ebrary affiliated libraries.
650 0 _aOlder people
_xCare
_zEngland.
650 0 _aOlder people
_xNutrition.
655 7 _aElectronic books.
_2local
710 2 _aebrary, Inc.
856 4 0 _uhttp://site.ebrary.com/lib/rucke/Doc?id=10459667
_zAn electronic book accessible through the World Wide Web; click to view
999 _c229409
_d229409